000 01082nam a22001937a 4500
003 JO-AjAnu
005 20250923092858.0
008 250921b jo ||||| |||| 00| 0 ara d
040 _aanu
_cJO-AjAnu
041 _hara
100 _aالبلص، محمد بركات
_eمعد
_966637
245 _aالحماية القانونية للبيانات الشخصية في العقود الإلكترونية : "دراسة مقارنة بين التشريع الأردني والتشريعات الدولية" = Legal Protection of Personal Data in Electronic Contracts : A Comparative Study between Jordanian and International Legislation
_c / اعداد محمد بركات البلص ؛ اشراف عيسى الصمادي
300 _a69 ورقة
500 _aرسالة جامعية (رسالة ماجستير في القانون) كلية الحقوق / جامعة عجلون الوطنية ، 2025
600 _2حم
650 _vحماية البيانات-قوانين وتشريعات
700 _aالبلص، محمد بركات
_eمعد
_966637
942 _2lcc
_cTHS
_n0
999 _c33966
_d33966